Southville International School and Colleges
Your cart is empty.
  • Cart
  • Lists
    Public lists Eva Luna New books Lux_list list_1
    Your lists Log in to create your own lists
  • Log in to your account
  • Your cookies
  • Search history
Southville International School and Colleges
  • Advanced search
  • Recent comments
  • Most popular
  • Libraries

Log in to your account

Log in with GOOGLE


If you do not have an external account, but do have a local account, you can still log in:

  1. Home
  2. MARC view: Eeyore has a birthday /
Normal view MARC view ISBD view

Eeyore has a birthday / (Record no. 111177)

[ view plain ]
MARC details
000 -LEADER
fixed length control field 00401nam a2200157 a 4500
001 - CONTROL NUMBER
control field 4152
005 - DATE AND TIME OF LATEST TRANSACTION
control field 20140414131910.0
008 - FIXED-LENGTH DATA ELEMENTS--GENERAL INFORMATION
fixed length control field 090608s19uu xx 00 eng d
020 ## - INTERNATIONAL STANDARD BOOK NUMBER
International Standard Book Number 0-525-45043-2
050 ## - LIBRARY OF CONGRESS CALL NUMBER
Classification number ER
Item number Ee1 1993
100 ## - MAIN ENTRY--PERSONAL NAME
Personal name Milne, A. A.
245 ## - TITLE STATEMENT
Title Eeyore has a birthday /
Statement of responsibility, etc A.A. Milne.
260 ## - PUBLICATION, DISTRIBUTION, ETC. (IMPRINT)
Place of publication, distribution, etc New York :
Name of publisher, distributor, etc Dutton children's books,
Date of publication, distribution, etc c1993.
300 ## - PHYSICAL DESCRIPTION
Extent unp.
Holdings
Withdrawn status Lost status Damaged status Home library Current library Shelving location Date acquired Total Checkouts Full call number Barcode Date last seen Price effective from Koha item type
      Munich Library Munich Library Easy Reading Section 06/08/2009   ER Ee1 1993 M1772 04/14/2014 04/14/2014 Books

Eeyore has a birthday /

APA

Milne A. A., . (1993). Eeyore has a birthday. New York: Dutton children's books.

Chicago

Milne A A, . 1993. Eeyore has a birthday. New York: Dutton children's books.

Harvard

Milne A. A., . (1993). Eeyore has a birthday. New York: Dutton children's books.

MLA

Milne A A, . Eeyore has a birthday. New York: Dutton children's books. 1993.

  • Place hold
  • Print
  • Cite
  • Add to your cart (remove)
  • Save record
    BIBTEX Dublin Core MARCXML MARC (non-Unicode/MARC-8) MARC (Unicode/UTF-8) MARC (Unicode/UTF-8, Standard) MODS (XML) RIS
  • More searches
    Search for this title in:
    Other Libraries (WorldCat) Other Databases (Google Scholar) Online Stores (Bookfinder.com) Open Library (openlibrary.org)

Exporting to Dublin Core...

SOUTHVILLE LIBRARY

Southville International School and Colleges Library

1281 Tropical Ave. Cor. Luxembourg St., BF Homes International, Las Pinas City

Tel. No. 8256374 / 252358 Loc. 117/146

Powered by Koha